Villes et pays °2 - Statistiques

Statistiques générales
  • Ce quiz a été pris 253 fois
    131 depuis la dernière actualisation
  • Le résultat moyen est 12 sur 15
Statistiques - réponses
Villes Pays % Correct
Rio de janeiro Brésil
100%
San Francisco États-Unis
99%
Barcelone Espagne
95%
Venise Italie
95%
Melbourne Australie
94%
JERUSALEM Israël
93%
Osaka Japon
92%
Denver États-Unis
90%
Fès Maroc
86%
Hô-Chi-Minh-Ville Viêtnam
86%
Calgary Canada
74%
NIAMEY Niger
64%
Faisalabad Pakistan
59%
Agra Inde
43%
MUSCAT Oman
35%
Aucun quiz correspondant
Distribution des résultats
% des personnes avec chaque résultat
Percentile par nombre de réponses
Votre historique - résultats
Vous n’avez pas pris ce quiz depuis la dernière actualisation